00686nam a22002177a 450000500170000001000130001702000220003003500130005203700160006504000120008108200160009310000160010924501040012526000650022927000430029430000240033750000190036165000370038065000280041770000230044520170124110056.0 aB-132692 a007050721Xc00.00 aB-132692 aCen Lib/Ret aDPLbEN a658.16bDAS aDas, Ranjan aCorporate restructuring :cby Ranjan Das [and] Udayan Kumar Basubenhancing the shareholder value / aNew DelhibTata McGraw-Hill Publishing Company Limitedc2004 a7 West Patel NagarbNew Delhie110008 axv,287p. c22cm(Hb) aIncludes index aCorporations -- India -- Finance aCorporations -- Finance aBasu, Udayan Kumar